00530nam a2200181 a 45000010005000000030009000050080041000140400028000550820018000831000023001012450088001242600029002123000014002414900028002556500022002836500022003056500021003274978CO-ViMGA141112s2004 ck r 000 u spa d aCO-ViMGAbspacCO-ViMGA04a292.08 C373lq1 aCerezales, Agustin10aLa cólera de Aquiles / cCerezales Agustin , Cerezales Silvia , Cerezales Miguel  aMadrid : bAnaya, c1993 a31 p : il aEl sendero de los mitos14aCerezales, Miguel14aCerezales, Silvia14aMITOLOGIA GRIEGA